000 00297nam a22001337a 4500
008 170621b xxu||||| |||| 00| 0 eng d
020 _a9780205376223
041 _aeng
080 _210TH
_a32
100 _a20
101 _aSHP
245 _aIN CONFLICT AND ORDER
_cEITZEN, D.S
942 _2udc
_cBK
999 _c18523
_d18523